[Event "Moscow Open 2007"]
[Site "Moscow"]
[Date "2007.02.01"]
[Round "6"]
[White "Kassimski, Kiril"]
[Black "Bochkarev, Alexander"]
[Result "0-1"]
[WhiteElo "2088"]
[BlackElo "2434"]
[PlyCount "68"]
[EventDate "2007.??.??"]

1. d4 d5 2. c4 e6 3. Nc3 c5 4. cxd5 cxd4 5. Qxd4 Nc6 6. Qd1 exd5 7. Qxd5 Bd7 8.
Bg5 Nf6 9. Qd2 h6 10. Bh4 g5 11. Bg3 Qa5 12. Rc1 Rd8 13. Nf3 Be6 14. Qc2 Nb4
15. Qa4+ Qxa4 16. Nxa4 Nxa2 17. Be5 Be7 18. Ra1 Nb4 19. Rc1 Bb3 20. Nc3 Nc2+
21. Rxc2 Bxc2 22. e3 O-O 23. Nd4 Bg6 24. Bc4 Rc8 25. Bb3 Nd7 26. Bg3 Nc5 27.
O-O Nxb3 28. Nxb3 Rfd8 29. Be5 Bd3 30. Ra1 a6 31. Nd4 f6 32. Bg3 Kf7 33. h3 Bc5
34. Nb3 Bb4 0-1

[Event "Moscow Open 2007"]
[Site "Moscow"]
[Date "2007.02.01"]
[Round "6"]
[White "Erendzhenov, Stanislav"]
[Black "Ostertag, Galina"]
[Result "0-1"]
[WhiteElo "2405"]
[BlackElo "2210"]
[PlyCount "62"]
[EventDate "2007.??.??"]

1. e4 c6 2. Nc3 d5 3. Qf3 dxe4 4. Nxe4 Nd7 5. d4 Ngf6 6. Bc4 e6 7. Ng5 Nb6 8.
Bd3 Qxd4 9. Qe2 Bb4+ 10. Kf1 Qd8 11. N1f3 Qc7 12. Ne5 O-O 13. f4 h6 14. h4 Bd6
15. Bd2 Nbd7 16. Re1 Nc5 17. Bc3 Nd5 18. Bh7+ Kh8 19. Bd4 Nxf4 20. Qf2 f6 21.
Nef3 fxg5 22. hxg5 h5 23. g6 Rf5 24. Rh4 Ncd3 25. cxd3 Nxd3 26. Qc2 Nxe1 27.
Qxf5 exf5 28. Ng5 Qe7 29. Nf7+ Qxf7 30. gxf7 Kxh7 31. Be5 Bf8 0-1

[Event "Moscow Open 2007"]
[Site "Moscow"]
[Date "2007.02.01"]
[Round "6"]
[White "Airapetian, Tatevik"]
[Black "Kremenietsky, Anatoly M"]
[Result "1-0"]
[WhiteElo "2245"]
[BlackElo "2389"]
[PlyCount "131"]
[EventDate "2007.??.??"]

1. e4 c5 2. Nf3 d6 3. d4 cxd4 4. Nxd4 Nf6 5. Nc3 a6 6. Be3 e5 7. Nb3 Be6 8. f3
Be7 9. Qd2 Nbd7 10. g4 b5 11. O-O-O O-O 12. g5 b4 13. Ne2 Nh5 14. Ng3 Nf4 15.
h4 a5 16. Kb1 a4 17. Nc1 b3 18. Nf5 bxc2+ 19. Qxc2 a3 20. b3 Re8 21. Nxd6 Bxd6
22. Rxd6 Qb8 23. Rc6 Nf8 24. Nd3 Nh5 25. Rg1 Ng6 26. Nc5 Ne7 27. Na6 Qd8 28.
Bb6 Qd7 29. Rc7 Rac8 30. Be2 Rxc7 31. Nxc7 Rb8 32. Rd1 Qc6 33. Qd2 h6 34. Nxe6
Qxb6 35. Nd8 Nc6 36. Nxc6 Qxc6 37. gxh6 Qxh6 38. Qc3 Qf6 39. Qc7 Rf8 40. Qa7
Ng3 41. Qe3 Nxe2 42. Qxe2 Qxh4 43. b4 Qe7 44. Qc4 Qa7 45. Rd2 Rb8 46. Kc2 Qg1
47. Qc7 Rf8 48. Qc3 Qf1 49. Rd5 f6 50. Rd7 Kh7 51. Rd2 Kg6 52. Rd7 Rh8 53. Rd2
Rh3 54. Qd3 Qxf3 55. Qxf3 Rxf3 56. b5 Re3 57. b6 Rxe4 58. Kb3 Re3+ 59. Ka4 Re1
60. Kxa3 Rh1 61. Kb3 e4 62. b7 Rh8 63. a4 e3 64. Rg2+ Kf5 65. a5 Ke5 66. a6 1-0

[Event "Moscow Open 2007"]
[Site "Moscow"]
[Date "2007.02.01"]
[Round "6"]
[White "Isaev, Yuri"]
[Black "Morev, Ivan"]
[Result "1-0"]
[WhiteElo "2343"]
[BlackElo "2178"]
[PlyCount "71"]
[EventDate "2007.??.??"]

1. e4 d6 2. d4 g6 3. Nc3 Bg7 4. Be2 Nf6 5. Bg5 c6 6. Qd2 b5 7. a3 Qa5 8. Bf3
O-O 9. Nge2 Bb7 10. O-O Qc7 11. Qf4 e5 12. Qh4 Nbd7 13. Rad1 a5 14. Rd2 b4 15.
Nb1 c5 16. dxe5 dxe5 17. Rfd1 Ra6 18. Ng3 Rb6 19. Bg4 Nb8 20. Be2 c4 21. axb4
axb4 22. c3 b3 23. Na3 Ba6 24. Nf1 Rc6 25. Ne3 Rc8 26. Bxc4 Bxc4 27. Naxc4 h6
28. Bxh6 Rxc4 29. Nxc4 Qxc4 30. Rd8+ Ne8 31. Qe7 Rxd8 32. Rxd8 Qe2 33. h3 Qe1+
34. Kh2 Qxf2 35. Qxe8+ Kh7 36. Bg5 1-0

[Event "Moscow Open 2007"]
[Site "Moscow"]
[Date "2007.02.01"]
[Round "6"]
[White "Pluzhnik, Mikhail"]
[Black "Demianjuk, Alexander"]
[Result "1/2-1/2"]
[WhiteElo "2198"]
[BlackElo "2342"]
[PlyCount "134"]
[EventDate "2007.??.??"]

1. e4 c5 2. Nf3 d6 3. d4 cxd4 4. Nxd4 Nf6 5. Nc3 a6 6. Be3 e5 7. Nb3 Be6 8. Qd2
Be7 9. f3 O-O 10. O-O-O Nbd7 11. g4 b5 12. g5 b4 13. Na4 Nh5 14. Rg1 Rb8 15.
Kb1 Qc7 16. Nc1 Nc5 17. Nxc5 dxc5 18. b3 Rfd8 19. Qe1 a5 20. Bc4 Bxc4 21. bxc4
Nf4 22. Bxf4 exf4 23. Rd5 a4 24. Qe2 Rxd5 25. exd5 g6 26. h4 Bf8 27. Re1 Qb6
28. Qd3 h6 29. Qe4 hxg5 30. hxg5 b3 31. cxb3 axb3 32. Nxb3 Qb4 33. Re2 Bd6 34.
Qc2 Qa4 35. Re4 Qd7 36. Qg2 Qd8 37. Kc2 Be7 38. Rxf4 Bxg5 39. Re4 Bf6 40. Kd3
Kg7 41. Qf2 Qd6 42. Qe3 Qa6 43. Qd2 Rd8 44. Ke3 Qd6 45. f4 Rh8 46. Qg2 Qd7 47.
Kd3 Qa4 48. Re3 Rh4 49. Rf3 Qe8 50. Nxc5 Qe7 51. Nb3 Qd7 52. Qe2 Rh1 53. Rf1
Rh3+ 54. Rf3 Rh1 55. Nd4 Qa4 56. Qc2 Qa3+ 57. Nb3 Re1 58. Rf2 Rh1 59. Re2 Qd6
60. Rf2 Qd7 61. Qe2 Qf5+ 62. Ke3 Qb1 63. Qd2 Rh3+ 64. Rf3 Rh1 65. Rf2 Rh3+ 66.
Rf3 Rh1 67. Rf2 Rh3+ 1/2-1/2

[Event "Moscow Open 2007"]
[Site "Moscow"]
[Date "2007.02.01"]
[Round "6"]
[White "Prudnikova, Ekaterina"]
[Black "Kruchev, Kruchev"]
[Result "0-1"]
[WhiteElo "2169"]
[BlackElo "2328"]
[PlyCount "106"]
[EventDate "2007.??.??"]

1. d4 Nf6 2. Nf3 e6 3. Bg5 h6 4. Bh4 b6 5. e3 Bb7 6. Bd3 Be7 7. O-O d6 8. Nbd2
g5 9. Bg3 Nh5 10. e4 Nd7 11. c3 Nf8 12. e5 Qd7 13. exd6 cxd6 14. Ne1 Nf6 15. f4
gxf4 16. Bxf4 O-O-O 17. a4 Nd5 18. Be4 Ng6 19. Bxd5 Bxd5 20. Be3 Bg5 21. Qe2
Rhg8 22. Ne4 Bxe3+ 23. Qxe3 Nh4 24. Rf2 Qb7 25. Ng3 Rg4 26. c4 Bc6 27. b4 Rdg8
28. b5 Be4 29. Raa2 h5 30. c5 f5 31. cxd6 Kb8 32. d5 Bxd5 33. Rac2 Qd7 34. Nxh5
Qxd6 35. Nf6 Bxg2 36. Nxg4 Bb7 37. Rcd2 Rxg4+ 38. Kf1 Bd5 39. Qc3 e5 40. Nf3
Ng6 41. Qd3 Ne7 42. Qc3 Rc4 43. Qb2 e4 44. Ne5 e3 45. Nxc4 Bxc4+ 46. Ke1 exf2+
47. Rxf2 Qe6+ 48. Kd2 Qe4 49. Qh8+ Kc7 50. Qc3 f4 51. Qf3 Qd4+ 52. Kc2 Nd5 53.
h4 Bd3+ 0-1

[Event "Moscow Open 2007"]
[Site "Moscow"]
[Date "2007.02.01"]
[Round "6"]
[White "Davydenko, Andrey"]
[Black "Margolit, Remir B"]
[Result "1/2-1/2"]
[WhiteElo "2167"]
[BlackElo "2312"]
[PlyCount "127"]
[EventDate "2007.??.??"]

1. e4 c6 2. d4 d5 3. e5 h5 4. Bd3 Bg4 5. f3 Bd7 6. Ne2 e6 7. O-O c5 8. c4 dxc4
9. Bxc4 cxd4 10. Nxd4 Nc6 11. Nxc6 Bxc6 12. Qe2 Bc5+ 13. Kh1 Qh4 14. Nc3 Ne7
15. Ne4 Nf5 16. Bb5 Rc8 17. g3 Qh3 18. Bf4 h4 19. Ng5 Nxg3+ 20. Bxg3 Qf5 21.
Ne4 hxg3 22. Nxg3 Qf4 23. Bxc6+ Rxc6 24. Qg2 Bd4 25. Ne2 Qxe5 26. f4 Qe3 27.
Nxd4 Qxd4 28. f5 exf5 29. Rfe1+ Re6 30. Rxe6+ fxe6 31. Qg6+ Ke7 32. Qg5+ Qf6
33. Qg2 Qe5 34. Rg1 g6 35. Qg5+ Qf6 36. Qg2 Qh4 37. Qxb7+ Kf6 38. Qc7 Qe4+ 39.
Rg2 Qe3 40. Qc2 Qe1+ 41. Rg1 Qe4+ 42. Qxe4 fxe4 43. Rg3 Rd8 44. Ra3 Rd7 45. Kg2
Kf5 46. b4 Kf4 47. Ra6 Rd2+ 48. Kf1 e5 49. Rxa7 Rxh2 50. b5 Rb2 51. a4 Rb4 52.
Ke2 e3 53. Rf7+ Ke4 54. Rg7 Rxa4 55. Rxg6 Ra2+ 56. Ke1 Rb2 57. b6 Kd5 58. Rh6
Kc5 59. Re6 Kd4 60. Rd6+ Ke4 61. Rg6 Kd5 62. Rh6 Kc5 63. Re6 Rxb6 64. Rxb6
1/2-1/2

[Event "Moscow Open 2007"]
[Site "Moscow"]
[Date "2007.02.01"]
[Round "6"]
[White "Musakaev, Emil"]
[Black "Pasalic, Kharun"]
[Result "1-0"]
[WhiteElo "2268"]
[BlackElo "2197"]
[PlyCount "83"]
[EventDate "2007.??.??"]

1. e4 c5 2. Nf3 Nc6 3. Nc3 g6 4. d4 cxd4 5. Nxd4 Bg7 6. Nde2 Nf6 7. g3 O-O 8.
Bg2 d6 9. O-O Ne5 10. h3 Bd7 11. a4 a5 12. b3 Qc8 13. Kh2 Ra6 14. Bd2 Rc6 15.
Ra2 Rc5 16. Nd5 Nxd5 17. exd5 Bf5 18. Nd4 Bg4 19. Qe1 Bd7 20. Be3 g5 21. f4
gxf4 22. gxf4 Ng6 23. c4 e5 24. Ne2 exf4 25. Nxf4 Be5 26. Kh1 Rc7 27. Qxa5 Bf5
28. Raf2 Re7 29. Qd2 Nh4 30. Nh5 Bg6 31. Bg5 Nxg2 32. Kxg2 Be4+ 33. Rf3 f6 34.
Bh6 Rff7 35. Kg1 Bxf3 36. Rxf3 Kh8 37. Nf4 Qc5+ 38. Kh1 Re8 39. Ne6 Qa3 40. Bf4
Rg8 41. Kh2 Qa1 42. Qf2 1-0

[Event "Moscow Open 2007"]
[Site "Moscow"]
[Date "2007.02.01"]
[Round "6"]
[White "Viliavin, Roman"]
[Black "Idrisova, Roza"]
[Result "1/2-1/2"]
[WhiteElo "2263"]
[BlackElo "2109"]
[PlyCount "104"]
[EventDate "2007.??.??"]

1. e4 c6 2. d4 d5 3. Nc3 g6 4. Nf3 Bg7 5. Be2 Bg4 6. Be3 dxe4 7. Nxe4 Nd7 8. h3
Bf5 9. Ng3 Ngf6 10. O-O Ne4 11. Nxf5 gxf5 12. c4 O-O 13. Qc1 Kh8 14. Bh6 Rg8
15. Bxg7+ Rxg7 16. Rd1 e6 17. d5 cxd5 18. cxd5 Qb6 19. Qe3 Rag8 20. Bf1 Qxe3
21. fxe3 e5 22. Rac1 Nd6 23. Rc7 f6 24. b3 Nb6 25. Rxg7 Kxg7 26. Rc1 Rc8 27.
Rxc8 Nbxc8 28. Nd2 b5 29. a4 bxa4 30. bxa4 Nb6 31. a5 Nxd5 32. Kf2 f4 33. exf4
Nxf4 34. Ke3 f5 35. g3 Nd5+ 36. Kd3 Nb4+ 37. Kc3 Nc6 38. a6 Kf6 39. Bg2 e4 40.
g4 Nb8 41. Kd4 Nb5+ 42. Ke3 Nd6 43. gxf5 Nxf5+ 44. Kf4 e3 45. Ne4+ Kg6 46. Nc3
Nd6 47. Bf1 Ne8 48. Bd3+ Kg7 49. Kxe3 Nc7 50. Nb5 Nbxa6 51. Nxa7 h6 52. Bxa6
Nxa6 1/2-1/2

[Event "Moscow Open 2007"]
[Site "Moscow"]
[Date "2007.02.01"]
[Round "6"]
[White "Savina, Anastasia"]
[Black "Gunina, Valentina"]
[Result "1-0"]
[WhiteElo "2153"]
[BlackElo "2347"]
[PlyCount "119"]
[EventDate "2007.??.??"]

1. d4 d5 2. c4 c6 3. Nf3 Nf6 4. e3 e6 5. Nbd2 Nbd7 6. b3 b6 7. Bd3 Bb7 8. Bb2
Be7 9. O-O O-O 10. Ne5 dxc4 11. Ndxc4 c5 12. Qe2 cxd4 13. exd4 h6 14. Rad1 Nd5
15. Nxd7 Qxd7 16. Ne5 Qd6 17. Qg4 Rac8 18. Rfe1 Nc3 19. Rc1 Nxa2 20. Rxc8 Bxc8
21. d5 exd5 22. Nd7 d4 23. Qe4 g6 24. Nxf8 Bxf8 25. Qxd4 Qxd4 26. Bxd4 Nb4 27.
Re8 Bd7 28. Rd8 Be6 29. Be4 f5 30. Bf3 Nc2 31. Be5 Kf7 32. Bd1 Be7 33. Ra8 Nb4
34. Bf3 a5 35. Bd4 b5 36. Rxa5 Nc2 37. Bb6 b4 38. Bd5 Bxd5 39. Rxd5 Ke6 40. Rd2
Na1 41. Rd3 Ke5 42. Kf1 Nc2 43. Ke2 Na3 44. Re3+ Kd6 45. Bc5+ Kxc5 46. Rxe7 Kd4
47. Kd2 Nb1+ 48. Kc2 Nc3 49. Re6 g5 50. Rxh6 g4 51. Rf6 Ke4 52. Rc6 Nd5 53. Rc5
Nf4 54. f3+ Kd4 55. Rc4+ Ke3 56. Rxf4 Kxf4 57. fxg4 fxg4 58. Kd3 Ke5 59. Kc4
Ke4 60. h4 1-0

[Event "Moscow Open 2007"]
[Site "Moscow"]
[Date "2007.02.01"]
[Round "6"]
[White "Fomin, Andrey"]
[Black "Elfert, Aleksandr V"]
[Result "1/2-1/2"]
[WhiteElo "2258"]
[BlackElo "2114"]
[PlyCount "89"]
[EventDate "2007.??.??"]

1. e4 c5 2. c3 Nf6 3. e5 Nd5 4. d4 e6 5. Nf3 Nc6 6. c4 Nb6 7. d5 Na5 8. d6
Nbxc4 9. Nc3 a6 10. b3 Nxd6 11. exd6 Qb6 12. Bf4 Qb4 13. Qd2 b5 14. a3 Qxb3 15.
Rb1 Qxa3 16. Nd5 exd5 17. Qe2+ Kd8 18. Ne5 Bxd6 19. Nxf7+ Kc7 20. Bxd6+ Kc6 21.
Bf4 Nc4 22. Nxh8 g5 23. Bd2 Qa2 24. Rc1 Bb7 25. Bc3 Qa3 26. Qc2 Re8+ 27. Be2 b4
28. O-O bxc3 29. Bxc4 Rxh8 30. Ra1 Qb2 31. Qa4+ Kd6 32. Rfb1 Bc6 33. Qa5 Rb8
34. Rxb2 cxb2 35. Rb1 dxc4 36. Qd2+ Kc7 37. Rxb2 Rxb2 38. Qxb2 d5 39. Qe5+ Kb6
40. Qxg5 c3 41. Qc1 d4 42. f3 a5 43. Kf2 c4 44. Qb1+ Kc5 45. Qxh7 1/2-1/2

[Event "Moscow Open 2007"]
[Site "Moscow"]
[Date "2007.02.01"]
[Round "6"]
[White "Rogovsky, Alexander"]
[Black "Shamugia, Shavleg"]
[Result "0-1"]
[WhiteElo "2117"]
[BlackElo "2277"]
[PlyCount "108"]
[EventDate "2007.??.??"]

1. d4 Nf6 2. c4 g6 3. Nc3 Bg7 4. e4 d6 5. h3 O-O 6. Bg5 c5 7. d5 e6 8. Bd3 exd5
9. cxd5 Re8 10. Nge2 Nbd7 11. O-O Ne5 12. f4 Nxd3 13. Qxd3 Qa5 14. e5 Bf5 15.
Qb5 Qxb5 16. Nxb5 Ne4 17. Nc7 Nxg5 18. Nxe8 Rxe8 19. fxg5 Bxe5 20. Nc3 Bd3 21.
Rfd1 Bc4 22. Re1 Rd8 23. Rad1 Kg7 24. Kh1 b6 25. Re3 h6 26. h4 hxg5 27. hxg5
Bd4 28. Rh3 Re8 29. Rh4 Bf2 30. g3 Be2 31. Nxe2 Rxe2 32. Rf4 Bxg3 33. Rf3 Bh4
34. Rdf1 Re7 35. Rg1 Re5 36. Rf6 Rxd5 37. Rgf1 Bxg5 38. Rxf7+ Kh6 39. Rxa7 c4
40. Kg2 Be3 41. Rh1+ Kg5 42. Kf3 Bc5 43. Rh2 Rd3+ 44. Ke2 d5 45. Rg2+ Kf6 46.
Rd7 g5 47. Rd8 Be3 48. Rg3 d4 49. Rd6+ Kf5 50. Rxb6 Rd2+ 51. Ke1 Kf4 52. Rg1
Rc2 53. Rf1+ Ke4 54. Re6+ Kd3 0-1

[Event "Moscow Open 2007"]
[Site "Moscow"]
[Date "2007.02.01"]
[Round "6"]
[White "Bukhteeva, Viktoria"]
[Black "Kharmunova, Nadejda"]
[Result "0-1"]
[WhiteElo "2109"]
[BlackElo "2198"]
[PlyCount "140"]
[EventDate "2007.??.??"]

1. e4 c5 2. Nf3 Nf6 3. Nc3 Nc6 4. d4 d5 5. exd5 Nxd5 6. Nxd5 Qxd5 7. Be3 cxd4
8. Nxd4 Nxd4 9. Qxd4 Qxd4 10. Bxd4 Bd7 11. Bc4 Bc6 12. f3 e6 13. O-O b6 14. Kh1
O-O-O 15. c3 Rg8 16. b4 g5 17. Rac1 Bg7 18. Be3 Be5 19. b5 Bb7 20. a4 Bf4 21.
Bxf4 gxf4 22. Rf2 Rd6 23. Bb3 Rgd8 24. c4 Rd3 25. Rb2 Kb8 26. h4 Rd2 27. Rxd2
Rxd2 28. c5 Rb2 29. Bc2 h6 30. c6 Bc8 31. Be4 Kc7 32. Rc4 e5 33. Bd5 f6 34. Bf7
Bf5 35. Rc3 Rb1+ 36. Kh2 Ra1 37. Rc4 Ra3 38. Be8 Be6 39. Rb4 Bb3 40. Kh3 Be6+
41. Kh2 Ra2 42. Bg6 Rd2 43. Rb1 f5 44. Kg1 Re2 45. Rb4 Re1+ 46. Kh2 Re2 47. Kg1
Rd2 48. Rb1 Rd8 49. Re1 Rg8 50. Bh5 Kd6 51. Rd1+ Ke7 52. a5 e4 53. axb6 axb6
54. Rd4 Rd8 55. Ra4 Rd1+ 56. Kf2 e3+ 57. Ke2 Rd2+ 58. Ke1 Rxg2 59. Rxf4 Rb2 60.
Ra4 Rxb5 61. f4 Rb2 62. Ra3 Bb3 63. Bf3 Kd6 64. c7 Kxc7 65. Ra7+ Kd6 66. Ra3
Kc5 67. Bb7 Kd4 68. Ra1 b5 69. Bf3 Rf2 70. Bc6 Rxf4 0-1

[Event "Moscow Open 2007"]
[Site "Moscow"]
[Date "2007.02.01"]
[Round "6"]
[White "Kreines, Mikhail"]
[Black "Bogumil, Tatiana"]
[Result "0-1"]
[WhiteElo "2088"]
[BlackElo "2188"]
[PlyCount "136"]
[EventDate "2007.??.??"]

1. e4 g6 2. d4 Bg7 3. Nc3 d6 4. Be3 Nf6 5. f3 c6 6. Qd2 h5 7. O-O-O Qa5 8. Bc4
Nbd7 9. Kb1 b5 10. Bb3 b4 11. Nce2 Qb5 12. c4 bxc3 13. Nxc3 Qb7 14. f4 Nb6 15.
Nf3 a5 16. e5 Bf5+ 17. Ka1 Nfd5 18. Nxd5 cxd5 19. Rhe1 a4 20. Bc2 Nc4 21. Qc1
e6 22. Bd2 a3 23. b3 Nb2 24. Bxf5 gxf5 25. Re3 Rc8 26. Rc3 Rxc3 27. Bxc3 Nxd1
28. Qxd1 O-O 29. exd6 Rc8 30. Qd2 Qc6 31. d7 Qxd7 32. Bb4 Qa7 33. Kb1 Bf8 34.
Bxf8 Kxf8 35. Ne5 Qc7 36. Qb4+ Kg7 37. Qd2 f6 38. Nd3 Qb6 39. Nc5 Rxc5 40. dxc5
Qxc5 41. g3 d4 42. Qd3 Kf7 43. Qf3 Ke7 44. Qb7+ Kd6 45. Qf3 Qb4 46. Qe2 Kd5 47.
Qg2+ Kc5 48. Qa8 Qe1+ 49. Kc2 Qe2+ 50. Kc1 Qb2+ 51. Kd1 Qa1+ 52. Kd2 Qxa2+ 53.
Ke1 Qb1+ 54. Kd2 Qb2+ 55. Ke1 Qc3+ 56. Kf1 Qd3+ 57. Kf2 Qe3+ 58. Kf1 Qc1+ 59.
Kf2 Qe3+ 60. Kf1 Qxb3 61. Qa7+ Kc4 62. Qa6+ Kc3 63. Qa5+ Qb4 64. Qa8 Qb1+ 65.
Kf2 Qb2+ 66. Kf1 Qb5+ 67. Kf2 Kb2 68. Qd8 Qb4 0-1

[Event "Moscow Open 2007"]
[Site "Moscow"]
[Date "2007.02.01"]
[Round "6"]
[White "Losev, Sergey"]
[Black "Gvilava, Maya"]
[Result "0-1"]
[WhiteElo "2080"]
[BlackElo "2098"]
[PlyCount "58"]
[EventDate "2007.??.??"]

1. d4 Nf6 2. c4 g6 3. Nc3 Bg7 4. e4 d6 5. f4 O-O 6. h3 c5 7. d5 b5 8. cxb5 Qa5
9. Bd2 a6 10. Nf3 axb5 11. Nxb5 Qb6 12. Nc3 Nh5 13. Kf2 c4+ 14. Ke1 Ng3 15. Rh2
Nxf1 16. Kxf1 Qxb2 17. Rb1 Qa3 18. Qc2 Ba6 19. g3 Nd7 20. Kg1 Nc5 21. Re2 Rfb8
22. Re3 Nd3 23. Ne2 Rxb1+ 24. Qxb1 c3 25. Be1 Qc5 26. Bf2 Nxf2 27. Kxf2 Bxe2
28. Kxe2 c2 29. Qc1 Bb2 0-1

[Event "Moscow Open 2007"]
[Site "Moscow"]
[Date "2007.02.01"]
[Round "6"]
[White "Kurukin, Dmitry"]
[Black "Medvedev, Nikolai"]
[Result "1-0"]
[WhiteElo "2164"]
[BlackElo "2012"]
[PlyCount "45"]
[EventDate "2007.??.??"]

1. d4 Nf6 2. c4 e6 3. Nc3 Bb4 4. Qc2 d5 5. cxd5 exd5 6. Bg5 c6 7. e3 Nbd7 8.
Bd3 Qa5 9. Nf3 O-O 10. Nd2 h6 11. Bh4 Re8 12. O-O g5 13. Bg3 Nh5 14. Rae1 Qd8
15. a3 Bxc3 16. bxc3 Ndf6 17. Be5 Ng4 18. Bh7+ Kf8 19. f4 Nxe5 20. fxe5 Be6 21.
Qg6 Ng7 22. Qxh6 Qe7 23. Rf6 1-0

[Event "Moscow Open 2007"]
[Site "Moscow"]
[Date "2007.02.01"]
[Round "6"]
[White "Samedov, Alim"]
[Black "Lyubokhiner, Leonid M"]
[Result "1-0"]
[WhiteElo "2104"]
[BlackElo "1805"]
[PlyCount "117"]
[EventDate "2007.??.??"]

1. e4 c5 2. Nf3 Nc6 3. d4 cxd4 4. Nxd4 Nf6 5. Nc3 e5 6. Nf3 Bb4 7. Bd2 O-O 8.
Bd3 Re8 9. O-O Bxc3 10. Bxc3 d5 11. Qe2 d4 12. Bd2 h6 13. Rad1 Qd6 14. Rfe1 Nb4
15. a3 Nxd3 16. cxd3 b5 17. Bb4 Qe6 18. Qd2 Bd7 19. Rc1 Rac8 20. Nh4 Qg4 21.
Nf3 Nh5 22. Qe2 Nf4 23. Qf1 Qh5 24. Bd2 g5 25. Bxf4 gxf4 26. Rxc8 Rxc8 27. Rc1
Rxc1 28. Qxc1 Kg7 29. Qc5 Bg4 30. Qxe5+ Qxe5 31. Nxe5 Be2 32. f3 Kf6 33. Nd7+
Ke7 34. Nc5 b4 35. axb4 Bd1 36. Kf2 Bc2 37. Ke1 Bb1 38. Nb3 Bxd3 39. Nxd4 Kf6
40. Kd2 Ba6 41. Nc6 Bf1 42. g3 fxg3 43. hxg3 a6 44. Ke3 Kg5 45. Kf2 Bb5 46. f4+
Kg6 47. Ne5+ Kf6 48. Ng4+ Kg6 49. Ne5+ Kf6 50. Ke3 h5 51. Kf3 Ke7 52. Ke3 Kf6
53. Kd4 Ke6 54. Kc5 f5 55. Kd4 Ba4 56. Nd3 Bb5 57. Nc5+ Kf6 58. e5+ Kg6 59. Kd5
1-0

[Event "Moscow Open 2007"]
[Site "Moscow"]
[Date "2007.02.02"]
[Round "7"]
[White "Amonatov, Farrukh"]
[Black "Svetushkin, Dmitry"]
[Result "0-1"]
[WhiteElo "2559"]
[BlackElo "2588"]
[PlyCount "101"]
[EventDate "2007.??.??"]

1. e4 e5 2. Nf3 Nc6 3. Bb5 a6 4. Ba4 Nf6 5. O-O Nxe4 6. d4 b5 7. Bb3 d5 8. dxe5
Be6 9. Nbd2 Nc5 10. c3 Be7 11. Bc2 d4 12. Nb3 d3 13. Bb1 Nxb3 14. axb3 Bf5 15.
Be3 Qd5 16. Bd4 O-O 17. Re1 d2 18. Bxf5 dxe1=Q+ 19. Qxe1 Qxb3 20. Qb1 g6 21.
Be4 Qe6 22. Qa2 Nxd4 23. Bxa8 Nb3 24. Bd5 Qxd5 25. Nd4 Qxe5 26. Qxb3 Bc5 27. g3
Rd8 28. Rxa6 Bxd4 29. cxd4 Rxd4 30. Qf3 Qe1+ 31. Kg2 Rd1 32. Kh3 Qf1+ 33. Qg2
Qe2 34. Qc6 Rd6 35. Ra8+ Kg7 36. Qc3+ Rf6 37. f4 Qf1+ 38. Kg4 Qg2 39. Re8 Qd5
40. Re5 Qd7+ 41. Kh4 h6 42. Rc5 c6 43. g4 Qd6 44. Qe5 Qxe5 45. fxe5 Rf3 46. g5
Rf4+ 47. Kg3 hxg5 48. Rxc6 Rb4 49. Rc7 Kf8 50. Rb7 Rxb2 51. h4 0-1

[Event "Moscow Open 2007"]
[Site "Moscow"]
[Date "2007.02.02"]
[Round "7"]
[White "Askarov, Marat"]
[Black "Riazantsev, Alexander"]
[Result "1/2-1/2"]
[WhiteElo "2487"]
[BlackElo "2629"]
[PlyCount "75"]
[EventDate "2007.??.??"]

1. c4 e6 2. g3 d5 3. Bg2 dxc4 4. Qa4+ c6 5. Qxc4 b5 6. Qc2 Bb7 7. b3 Nf6 8. Bb2
Be7 9. a4 a6 10. Nc3 Qb6 11. axb5 cxb5 12. Bxb7 Qxb7 13. Nf3 O-O 14. O-O Nc6
15. Qb1 Nb4 16. Na2 Nbd5 17. e4 Nb6 18. d3 Nbd7 19. Bd4 a5 20. b4 a4 21. Qb2
Rfc8 22. Nc3 Ne8 23. Nb1 Bf8 24. Na3 Nc7 25. Bc3 Nb8 26. Nc2 Nca6 27. Kg2 Nc6
28. Rfe1 Qe7 29. Rab1 Ra7 30. d4 Qd8 31. Red1 Rd7 32. Rbc1 h6 33. Nfe1 Ne5 34.
Ne3 Nc4 35. Nxc4 Rxc4 36. Nd3 f6 37. Nc5 Nxc5 38. bxc5 1/2-1/2

[Event "Moscow Open 2007"]
[Site "Moscow"]
[Date "2007.02.02"]
[Round "7"]
[White "Gareev, Timur"]
[Black "Zvjaginsev, Vadim"]
[Result "1/2-1/2"]
[WhiteElo "2551"]
[BlackElo "2658"]
[PlyCount "24"]
[EventDate "2007.??.??"]

1. d4 Nf6 2. Nf3 d5 3. c4 e6 4. Nc3 Be7 5. Bg5 O-O 6. e3 Nbd7 7. Qc2 c5 8. cxd5
cxd4 9. Nxd4 Nxd5 10. Bxe7 Nxe7 11. Bd3 Nf6 12. O-O Bd7 1/2-1/2

[Event "Moscow Open 2007"]
[Site "Moscow"]
[Date "2007.02.02"]
[Round "7"]
[White "Yandemirov, Valeri"]
[Black "Korotylev, Alexey"]
[Result "0-1"]
[WhiteElo "2523"]
[BlackElo "2615"]
[PlyCount "64"]
[EventDate "2007.??.??"]

1. e4 c5 2. Nf3 Nc6 3. Bb5 d6 4. d4 cxd4 5. Qxd4 Bd7 6. Bxc6 Bxc6 7. Nc3 Nf6 8.
Bg5 e6 9. O-O-O Be7 10. Rhe1 O-O 11. Qd2 Qc7 12. Nd4 Rfd8 13. f3 Rab8 14. Kb1
b5 15. g4 b4 16. Nce2 Ba8 17. Ng3 a5 18. h4 a4 19. Nh5 Ne8 20. Bxe7 Qxe7 21. g5
g6 22. Nf4 Qa7 23. h5 e5 24. hxg6 fxg6 25. Nde6 Rdc8 26. Nxg6 b3 27. cxb3 axb3
28. axb3 hxg6 29. Qh2 Rxb3 30. Rd2 Rxf3 31. Qh4 Re3 32. Rf2 Rxe1# 0-1

[Event "Moscow Open 2007"]
[Site "Moscow"]
[Date "2007.02.02"]
[Round "7"]
[White "Ulko, Jaroslav"]
[Black "Grachev, Boris"]
[Result "1/2-1/2"]
[WhiteElo "2460"]
[BlackElo "2563"]
[PlyCount "87"]
[EventDate "2007.??.??"]

1. e4 c5 2. Nf3 e6 3. d4 cxd4 4. Nxd4 Nc6 5. Nc3 Qc7 6. g3 a6 7. Bg2 d6 8. O-O
Bd7 9. Re1 Be7 10. a4 Nf6 11. Nxc6 Bxc6 12. a5 O-O 13. Bf4 Rae8 14. Qe2 Nd7 15.
Be3 Bf6 16. Qc4 Rc8 17. f4 Qd8 18. Qd3 Bxc3 19. bxc3 Bb5 20. Qd2 e5 21. Qxd6
Rxc3 22. Rad1 Qb8 23. Qxb8 Nxb8 24. Rd2 Nc6 25. Bb6 h6 26. Kf2 Nb4 27. fxe5
Rfc8 28. Bh3 Rxc2 29. Red1 Rxd2+ 30. Rxd2 Re8 31. Rd8 Nd3+ 32. Ke3 Nxe5 33.
Rxe8+ Bxe8 34. Bc7 Bd7 35. Bxe5 Bxh3 36. Bd4 Bg2 37. h4 Kh7 38. Kf4 Kg6 39. g4
Bf1 40. Bc3 Be2 41. Bd4 h5 42. g5 Kh7 43. Bc3 Kg8 44. Bb4 1/2-1/2

[Event "Moscow Open 2007"]
[Site "Moscow"]
[Date "2007.02.02"]
[Round "7"]
[White "Malakhatko, Vadim"]
[Black "Pushkov, Nikolai"]
[Result "1/2-1/2"]
[WhiteElo "2604"]
[BlackElo "2522"]
[PlyCount "91"]
[EventDate "2007.??.??"]

1. d4 d5 2. c4 e6 3. Nc3 Nf6 4. Bg5 Be7 5. e3 Nbd7 6. Nf3 O-O 7. Bd3 h6 8. Bh4
dxc4 9. Bxc4 a6 10. a4 c5 11. O-O Nb6 12. Bb3 cxd4 13. exd4 Bd7 14. Qd3 Nbd5
15. Nxd5 Nxd5 16. Bxd5 exd5 17. Bxe7 Qxe7 18. Qb3 Be6 19. Rfe1 Rfd8 20. Ne5
Rac8 21. Re3 Rc7 22. Rae1 Rdc8 23. h3 Rc2 24. Rc3 R2xc3 25. bxc3 Qc7 26. Re3
Qa5 27. Qxb7 Rxc3 28. Nc6 Rc1+ 29. Kh2 Qd2 30. Qb8+ Kh7 31. Ne7 Bc8 32. Qf4 Be6
33. Qb8 Bc8 34. Rf3 Qc2 35. Qd6 Be6 36. Nxd5 Qxa4 37. Nf4 Qc4 38. Qe5 Qc7 39.
Qe4+ g6 40. Rg3 Bf5 41. Qe3 Qc4 42. Nd5 Qf1 43. Nf6+ Kg7 44. Nh5+ Kh7 45. Nf6+
Kg7 46. Nh5+ 1/2-1/2

[Event "Moscow Open 2007"]
[Site "Moscow"]
[Date "2007.02.02"]
[Round "7"]
[White "Bocharov, Dmitry"]
[Black "Sveshnikov, Evgeny"]
[Result "1-0"]
[WhiteElo "2602"]
[BlackElo "2504"]
[PlyCount "133"]
[EventDate "2007.??.??"]

1. d4 d5 2. c4 c6 3. Nf3 Nf6 4. Nc3 e6 5. Bg5 h6 6. Bxf6 Qxf6 7. e3 Nd7 8. Bd3
dxc4 9. Bxc4 Bd6 10. O-O Qe7 11. Rc1 O-O 12. Ne4 Bc7 13. Qc2 Rd8 14. Rfd1 Nf8
15. a3 Bd7 16. Nc5 Rab8 17. Qc3 Be8 18. b4 f6 19. e4 Kh8 20. h3 Bh5 21. g4 Bf7
22. e5 Ng6 23. Qe3 fxe5 24. dxe5 Rxd1+ 25. Rxd1 Rd8 26. Rxd8+ Bxd8 27. Qd4 b6
28. Nd3 Bc7 29. Qe4 Be8 30. Nd4 Nf8 31. Nxc6 Qg5 32. Nd4 Bg6 33. Qa8 Qd8 34.
Qxd8 Bxd8 35. Nf4 Be4 36. Nfxe6 Nxe6 37. Nxe6 Be7 38. Bb3 a5 39. bxa5 bxa5 40.
a4 g5 41. Kh2 Bb4 42. h4 gxh4 43. Kh3 Be1 44. Nc5 Bh7 45. f4 Bg3 46. f5 Bxe5
47. Kxh4 Bd6 48. Nd7 Bg8 49. Bxg8 Kxg8 50. Kh5 Kg7 51. f6+ Kf7 52. Kxh6 Ke6 53.
g5 Bf4 54. Nf8+ Kf5 55. f7 Bxg5+ 56. Kg7 Bf6+ 57. Kg8 Be7 58. Nd7 Ke4 59. Kg7
Kd5 60. Nb6+ Kd4 61. Nc8 Bc5 62. Kf6 Bf8 63. Ke6 Kc5 64. Kd7 Kb4 65. Ke8 Bh6
66. Ne7 Kxa4 67. Nf5 1-0

[Event "Moscow Open 2007"]
[Site "Moscow"]
[Date "2007.02.02"]
[Round "7"]
[White "Prokopchuk, Evgeny"]
[Black "Aleksandrov, Aleksej"]
[Result "0-1"]
[WhiteElo "2516"]
[BlackElo "2601"]
[PlyCount "56"]
[EventDate "2007.??.??"]

1. d4 d5 2. c4 e6 3. Nc3 Bb4 4. cxd5 exd5 5. Nf3 c6 6. Bg5 Ne7 7. e3 h6 8. Bh4
Qa5 9. Qb3 Nf5 10. Bg3 Nxg3 11. hxg3 Nd7 12. Bd3 Nf6 13. a3 Bd6 14. Qc2 O-O 15.
Nh4 Re8 16. Nf5 Bf8 17. Kf1 Bd7 18. Rd1 Qd8 19. Qe2 h5 20. Nh4 g6 21. Qc2 Ng4
22. Nxg6 fxg6 23. Bxg6 Qf6 24. Kg1 Re7 25. Rxh5 Bh6 26. Bf5 Rf8 27. e4 Bxf5 28.
Rxf5 Qg6 0-1